000
00295 a2200145 4500
001
168040
020
_a
040
_c
Magnum
100
_a
Nery, Salvador Barletta
240
1
0
_a
Balancando sonhos
_l
por
245
1
0
_a
Balancando sonhos
362
0
_a
1899
697
_a
IJ/GERAL
942
_c
BK
999
_c
168040
_d
168040